| 000 | 00454nam a22001217a 4500 | ||
|---|---|---|---|
| 999 |
_c6813 _d6813 |
||
| 008 | 200330b ||||| |||| 00| 0 eng d | ||
| 100 | _aThe United Republic of Tanzania | ||
| 245 |
_aNational Multi-sectoral Strategic Framework on HIV/AIDS ( 2003-2007) _cThe United Republic of Tanzania _hEnglish |
||
| 260 |
_aDar Es Salaam _bPrime Minister's _c2003 |
||
| 300 |
_avi,,82p. _c26cm |
||
| 650 | _2Strategic framework on HIV/AIDS ( 2003-2007) | ||
| 942 |
_2ddc _cBOOKS |
||